000 00656nam a2200193Ii 4500
003 JO-AjNU
008 230605s9999||||xx |||||||||||||| ||und||
040 _aJO-AjNU
_bara
_erda
_cJO-AjNU
041 _aara
050 1 4 _aLB17 .N3 1982
100 3 _aأحمد،نازلي صالح ، يس، سعد م.مشارك,
_eauthor
_939219
245 0 0 _aالمدخل في التربية
264 3 1 _aالقاهرة: مكتبة الانجلو المصرية،1982
300 _a262ص
336 _atext
_btxt
_2rdacontent
337 _aunmediated
_bn
_2rdamedia
338 _avolume
_bnc
_2rdacarrier
650 4 _aالتربية و التعليم-فلسفة
_939220
999 _aA16545
_c20113
_d20113